000
00213 a2200097 4500
001
45306
100
_a
Caidin M
245
_a
Worlds in space
260
_a
London
_b
Sidgwick and Jackson
_c
090
_c
28485
_d
28485
942
_a
NUST-CAE
_c
M
_c
20541
999
_c
280379
_d
280379